000 00370nam a22001457a 4500
020 _a81-7096-167-X
082 _a900
_bVIN/H
100 _aVINACKE, HAROLD
245 _aHISTORY OF THE FAR EAST IN MODERN TIMES
250 _aSECOND EDITION REPRINTED
260 _aLUDHIANA
_bKALYANI PUBLISHERS
_c2005
300 _a877
650 _aHISTORY REFERENCE
_zINDIA
942 _cBK
999 _c1585
_d1585